000 00660nam a2200193Ia 4500
003 GCL
008 140319s9999 xx 000 0 ara d
040 _aGCL /
_cGCL
082 0 4 _a953.0713
_bس ح
100 1 _aسعيد سيد احمد ابوزيد
245 1 0 _aالحياة الاجتماعية فى الاندلس : عصر دولتى المرابطين والموحدين /
_cسعيد سيد احمد ابوزيد
300 _a349 ص
490 _aالهيئة العامة للاستعلامات
_v0
650 0 4 _aالاندلس
650 0 4 _aالمرابطون
650 0 4 _aالموحدون
650 0 4 _aفتح الاندلس
942 _2ddc
_cBK
999 _c48008
_d48008